Ministry essentials Bible: a comprehensive Bible for everyone in leadership, New International Version (NIV) / (Record no. 75287)
[ view plain ]
| 000 -LEADER | |
|---|---|
| fixed length control field | 01392nam a22002537a 4500 |
| 003 - CONTROL NUMBER IDENTIFIER | |
| control field | PILC |
| 005 - DATE AND TIME OF LATEST TRANSACTION | |
| control field | 20250319094539.0 |
| 008 - FIXED-LENGTH DATA ELEMENTS--GENERAL INFORMATION | |
| fixed length control field | 250318b |||||||| |||| 00| 0 eng d |
| 010 ## - LIBRARY OF CONGRESS CONTROL NUMBER | |
| LC control number | Acc#49191 |
| 020 ## - INTERNATIONAL STANDARD BOOK NUMBER | |
| International Standard Book Number | 9781619704343 |
| 040 ## - CATALOGING SOURCE | |
| Transcribing agency | Philippine Baptist Theological Seminary |
| 050 ## - LIBRARY OF CONGRESS CALL NUMBER | |
| Classification number | Ref BS 195 |
| Item number | .M56 2014 |
| 245 ## - TITLE STATEMENT | |
| Title | Ministry essentials Bible: a comprehensive Bible for everyone in leadership, New International Version (NIV) / |
| 264 ## - PRODUCTION, PUBLICATION, DISTRIBUTION, MANUFACTURE, AND COPYRIGHT NOTICE | |
| Place of production, publication, distribution, manufacture | Peabody, Massachisetts : |
| Name of producer, publisher, distributor, manufacturer | Hendrickson Publishers Marketing, LLC, |
| Date of production, publication, distribution, manufacture, or copyright notice | ©2014. |
| 300 ## - PHYSICAL DESCRIPTION | |
| Extent | 1999 pages ; |
| Dimensions | 25 cm. |
| 500 ## - GENERAL NOTE | |
| General note | This Bible is helpful for... <br/>- Anyone in any leadership role! Campus leaders, counselors, missionaries, teachers<br/>- New or Bi-vocational pastors who would benefit from practical guidelines for navigating tasks and challenges of ministry <br/>- Lay leaders involved in Christian ministry who encounter many of the same issues pastors face<br/>- Experienced pastors who need fresh perspectives on handling specific pastoral issues |
| 504 ## - BIBLIOGRAPHY, ETC. NOTE | |
| Bibliography, etc | Includes bibliographical references. |
| 505 ## - FORMATTED CONTENTS NOTE | |
| Formatted contents note | The Old Testament --<br/>The New Testament |
| 650 ## - SUBJECT ADDED ENTRY--TOPICAL TERM | |
| Topical term or geographic name as entry element | Pastoral theology |
| Chronological subdivision | handbooks, manuals, etc. |
| 650 ## - SUBJECT ADDED ENTRY--TOPICAL TERM | |
| Topical term or geographic name as entry element | Christian leadership |
| Chronological subdivision | Handbooks, manuals, etc. |
| 650 ## - SUBJECT ADDED ENTRY--TOPICAL TERM | |
| Topical term or geographic name as entry element | Bible. English. New International Version |
| Chronological subdivision | Study and teaching. |
| 650 ## - SUBJECT ADDED ENTRY--TOPICAL TERM | |
| Topical term or geographic name as entry element | Church work |
| Chronological subdivision | Handbooks, manuals, etc. |
| 942 ## - ADDED ENTRY ELEMENTS (KOHA) | |
| Source of classification or shelving scheme | Library of Congress Classification |
| Koha item type | Reference Books |
| Withdrawn status | Lost status | Source of classification or shelving scheme | Damaged status | Not for loan | Home library | Current library | Shelving location | Date acquired | Source of acquisition | Total Checkouts | Full call number | Barcode | Date last seen | Price effective from | Koha item type |
|---|---|---|---|---|---|---|---|---|---|---|---|---|---|---|---|
| Library of Congress Classification | PBTS Library | PBTS Library | Reference Section | 03/18/2025 | Gift | Ref BS 195 .M56 2014 | 49191 | 04/07/2026 | 03/18/2025 | Reference Books |